[Event "36th Olympiad w"]
[Site "Calvia ESP"]
[Date "2004.10.29"]
[Round "14"]
[White "Vasiliev,Olg"]
[Black "Kaps,D"]
[Result "0-1"]
[WhiteElo "2167"]
[BlackElo "2236"]

1.e4 c5 2.Nf3 Nc6 3.d4 cxd4 4.Nxd4 e6 5.Nc3 Qc7 6.f4 a6 7.Nf3 Bc5 8.Bd3 b5
9.e5 f5 10.exf6 Nxf6 11.Ng5 Bb7 12.Nxh7 O-O-O 13.Ng5 Nd4 14.Nce4 Nxe4 15.Bxe4 e5
16.c3 Bxe4 17.Nxe4 Qc6 18.Qd3 Ne6 19.b4 Be7 20.O-O d5 21.Ng3 e4 22.Qe2 Qxc3
23.Bd2 Qd4+ 24.Be3 Qxb4 25.Rfc1+ Kb7 26.Rab1 Qa4 27.Qg4 Qa3 28.Rb3 Qd6 29.Nf5 Qd7
30.a4 Rc8 31.axb5 Rxc1+ 32.Bxc1 Bc5+ 33.Be3 a5 34.Nd4 Bxd4 35.Bxd4 Rc8 36.h3 Rc4
37.Be5 d4 38.Rb1 d3 39.Rd1 Qd5 40.Qg6 d2 41.Qe8 Nc7 42.Bxc7 Rxc7 43.Qg6 Qd4+
44.Kh2 e3 45.Qg4 g5 46.Qf3+ Kb6 47.fxg5 Rc1 48.Kg3 a4 49.Qe2 Rxd1 50.Qxd1 e2
51.Qxe2 d1=Q 52.Qe6+ Kxb5 53.Qe8+ Kb4 54.Qe7+ Kb3 55.Qf7+ Kb2  0-1

[Event "Corsica Masters"]
[Site "Bastia FRA"]
[Date "2004.10.30"]
[Round "4"]
[White "Balogh,C"]
[Black "Rublevsky,S"]
[Result "1-0"]
[WhiteElo "2527"]
[BlackElo "2649"]

1.e4 c5 2.Nf3 e6 3.d4 cxd4 4.Nxd4 Nc6 5.Nc3 a6 6.Be3 Nf6 7.f4 Bb4 8.Bd3 O-O
9.Qf3 d6 10.a3 Bxc3+ 11.bxc3 Qc7 12.O-O e5 13.Nxc6 Qxc6 14.f5 d5 15.exd5 Qxc3
16.Rab1 Re8 17.Rb3 Qa5 18.Be4 Qa4 19.Rb4 Qxa3 20.Rb6 Bd7 21.Bf2 Qxf3 22.gxf3 Bb5
23.Rc1 Rec8 24.Rxb7 Nxe4 25.fxe4 Bc4 26.d6 Kf8 27.Bb6 Ke8 28.Re7+  1-0

[Event "Venetian Autumn Open"]
[Site "Venice ITA"]
[Date "2004.11.01"]
[Round "6"]
[White "Navarro,S"]
[Black "Vancini,E"]
[Result "0-1"]
[WhiteElo "2177"]
[BlackElo "2288"]

1.e4 c5 2.Nf3 e6 3.d4 cxd4 4.Nxd4 Nc6 5.Nc3 Qc7 6.Be3 a6 7.a3 b5 8.Be2 Bb7
9.O-O Na5 10.Qd3 Rc8 11.Bc1 Nc4 12.a4 b4 13.Nd1 Nf6 14.f3 d5 15.exd5 Nxd5
16.Nf2 Bd6 17.Kh1 Bxh2 18.Qxc4 Qxc4 19.Bxc4 Rxc4 20.Kxh2 Rxd4 21.Ne4 O-O
22.c3 bxc3 23.bxc3 Rc4 24.Nd6 Rc7 25.c4 Ne7 26.Be3 Rd7 27.Rfd1 Rfd8 28.Bb6 Rb8
29.a5 Bc6 30.Kg1 f5 31.Kf2 g5 32.Ra2 Ng6 33.Rad2 h5 34.Re1 e5 35.Red1 Rf8
36.Bc5 Rf6 37.Bb4 g4 38.Nc8 Rxd2+ 39.Rxd2 Re6 40.Rd8+ Kf7 41.Nd6+ Kf6 42.Rc8 Ba4
43.Ra8 e4 44.fxe4 fxe4 45.Rxa6 e3+ 46.Ke1 Nf4 47.Bc3+ Kg5 48.g3 Nd3+ 49.Ke2 Nc1+
50.Ke1 Kg6 51.Rb6 Nd3+ 52.Ke2 Nc1+ 53.Ke1 h4 54.a6 h3 55.Kf1 Bd1 56.Kg1 Ne2+
57.Kh2 Nxc3 58.a7 Bf3  0-1

[Event "Corsica Masters KO"]
[Site "Bastia FRA"]
[Date "2004.11.02"]
[Round "2.2"]
[White "Topalov,V"]
[Black "Rublevsky,S"]
[Result "0-1"]
[WhiteElo "2757"]
[BlackElo "2649"]

1.e4 c5 2.Nf3 e6 3.d4 cxd4 4.Nxd4 Nc6 5.Nc3 a6 6.Nxc6 bxc6 7.Bd3 d5 8.O-O Qc7
9.Re1 Nf6 10.Qf3 Be7 11.Bf4 e5 12.Bd2 d4 13.Na4 O-O 14.b3 Be6 15.c3 c5 16.Rac1 Qb8
17.Qe2 Qb7 18.Nb2 Nd7 19.Bc4 Bxc4 20.Nxc4 Qb5 21.Qd3 Rfd8 22.Qg3 f6 23.f4 exf4
24.Bxf4 Nf8 25.Qg4 Ng6 26.Bg3 Qc6 27.h4 dxc3 28.Rxc3 Ra7 29.h5 Nf8 30.e5 Rd4
31.Qh3 Rad7 32.Kh2 Rd1 33.Rce3 Rxe1 34.Bxe1 Rd5 35.Bc3 fxe5 36.Bxe5 Bf6 37.Qf3 Nd7
38.Rd3 Nb6 39.Bg3 Qe6 40.Re3 Qf7 41.Nxb6 Rxh5+ 42.Kg1 Bd4 43.Qxf7+ Kxf7 44.Bf2 Bxe3
45.Bxe3 Ke6 46.Kf2 Rf5+ 47.Ke2 h5 48.Kd3 Ke5  0-1

[Event "8th OIBM"]
[Site "Bad Wiessee GER"]
[Date "2004.11.03"]
[Round "5"]
[White "Vorobiov,E"]
[Black "Rudolf,Hen"]
[Result "1/2-1/2"]
[WhiteElo "2524"]
[BlackElo "2322"]

1.e4 c5 2.Nf3 e6 3.Nc3 Nc6 4.d4 cxd4 5.Nxd4 Qc7 6.g3 a6 7.Bg2 Nf6 8.O-O d6
9.Be3 Be7 10.f4 O-O 11.a4 Re8 12.Kh1 Na5 13.Bg1 e5 14.Nf5 Bxf5 15.exf5 Rac8
16.Nd5 Nxd5 17.Qxd5 Bf6 18.c3 exf4 19.Rxf4 Re2 20.Rf2 Re5 21.Qf3 Rce8 22.Rd1 b5
23.axb5 axb5 24.Rd5 h6 25.Rxe5 dxe5 26.Qd5 Nc4 27.Qxb5 Rb8 28.Qd5 Nxb2 29.c4 Rd8
30.Qe4 Rd4 31.Qa8+ Rd8 32.Qe4 Rd4 33.Qb1 Nxc4 34.Rc2 Qd8 35.Bxd4 Na3 36.Bb6 Qb8
37.Qb3 Nxc2 38.Bd5 Nd4 39.Bxf7+ Kh8 40.Bxd4 Qxb3 41.Bxb3  1/2-1/2

[Event "8th OIBM"]
[Site "Bad Wiessee GER"]
[Date "2004.11.04"]
[Round "6"]
[White "Ramesh,R"]
[Black "Jaracz,B"]
[Result "1-0"]
[WhiteElo "2465"]
[BlackElo "2293"]

1.e4 c5 2.Nf3 e6 3.d4 cxd4 4.Nxd4 Nc6 5.Nc3 Qc7 6.Be3 a6 7.Qd2 Nf6 8.O-O-O Nxd4
9.Bxd4 e5 10.Be3 Bb4 11.f3 d6 12.Kb1 Bxc3 13.bxc3 Ke7 14.Bc4 Be6 15.Bb3 Rhd8
16.Bg5 a5 17.f4 a4 18.Bxe6 Kxe6 19.Rhf1 Ra5 20.Bxf6 gxf6 21.Rf3 Qb6+ 22.Ka1 a3
23.Rb1 Rb5 24.Qd5+  1-0

[Event "WYb16"]
[Site "Heraklio GRE"]
[Date "2004.11.06"]
[Round "3"]
[White "Fusco,L"]
[Black "Iotov,V"]
[Result "0-1"]
[WhiteElo "2295"]
[BlackElo "2414"]

1.e4 c5 2.Nf3 e6 3.d4 cxd4 4.Nxd4 Nc6 5.Nc3 Qc7 6.Be3 a6 7.Be2 Nf6 8.O-O Be7
9.f4 d6 10.a4 O-O 11.Kh1 Re8 12.Bd3 e5 13.Nxc6 bxc6 14.Bc4 exf4 15.Bxf4 Be6
16.Qd3 a5 17.Rad1 Bf8 18.b3 Qb6 19.Bxd6 Bxd6 20.Qxd6 Bxc4 21.bxc4 Re6 22.c5 Qb4
23.Qd4 Rae8 24.h3 h6 25.Rd3 Qxd4 26.Rxd4 Re5 27.Rc4 Nxe4 28.Nxe4 Rxe4 29.Rf4 Rxf4
30.Rxf4 Re5 31.Rc4 Kf8 32.Kg1 Ke7 33.Kf2 Ke6 34.Rd4 Rxc5 35.c4 Rf5+ 36.Ke3 Re5+
37.Kf3 Ke7 38.Kf2 c5 39.Rd1 Re4 40.Rc1 f5 41.Kf3 h5 42.g3 Kf6 43.h4 Rd4 44.Rc3 Ke5
45.Rb3 Rxc4 46.Rb5 f4 47.gxf4+ Rxf4+ 48.Kg3 Rg4+ 49.Kh3 Kd4 50.Rxa5 Rg6 51.Ra8 Kc4
52.Rb8 Ra6 53.Kg3 Kc3 54.Kf4 Rxa4+ 55.Kg5 g6 56.Kxg6 Rxh4 57.Kg5 Rh1 58.Kf4 c4
59.Ke3 Re1+ 60.Kf2 Re5  0-1

[Event "WYb18"]
[Site "Heraklio GRE"]
[Date "2004.11.06"]
[Round "3"]
[White "Netzer,J"]
[Black "Kim,Alex"]
[Result "0-1"]
[WhiteElo "2361"]
[BlackElo "2443"]

1.e4 c5 2.Nf3 e6 3.d4 cxd4 4.Nxd4 Nc6 5.Nc3 Qc7 6.Be2 Nf6 7.O-O a6 8.Kh1 Be7
9.f4 d6 10.a4 O-O 11.Be3 Re8 12.Bf3 Nd7 13.g4 Bf8 14.Bg2 Na5 15.Nde2 b6 16.Qe1 Bb7
17.Rd1 Rac8 18.Qh4 Nc4 19.Bc1 b5 20.axb5 axb5 21.Nxb5 Qb6 22.Nbc3 Ba6 23.Rf3 Nxb2
24.Rh3 h6 25.Bxb2 Qxb2 26.Rg1 Bxe2 27.Nxe2 Rxc2 28.Ng3 Nc5 29.Nh5 Rxg2 30.Rxg2 Qb1+
31.Rg1 Qxe4+ 32.Rg2 Rb8  0-1

[Event "TCh-BEL 2004-5"]
[Site "Belgium BEL"]
[Date "2004.11.07"]
[Round "3"]
[White "Vandevoort,P"]
[Black "Coenen,N"]
[Result "0-1"]
[WhiteElo "2385"]
[BlackElo "2389"]

1.e4 c5 2.Nc3 Nc6 3.Nf3 e6 4.d4 cxd4 5.Nxd4 d6 6.g4 Nge7 7.Be3 a6 8.Bg2 b5
9.Qe2 Nxd4 10.Bxd4 b4 11.Na4 Bd7 12.Nb6 Bb5 13.Qe3 e5 14.Nxa8 exd4 15.Qxd4 Qxa8
16.Qxb4 Ng6 17.Qd2 Be7 18.O-O-O O-O 19.Rhe1 Qc8 20.h3 Qc5 21.Kb1 Rc8 22.Bf1 Bg5
23.Qxd6 Qxc2+ 24.Ka1 Rd8 25.Qxd8+ Bxd8 26.Rxd8+ Nf8 27.Bxb5 axb5 28.f4 Qc7
29.Rd5 b4 30.f5 Qg3 31.Rb1 Qxh3 32.Rb5 Qxg4 33.Rxb4 h5 34.a4 Qe2 35.a5 Nd7
36.Rc1 Kh7 37.Ka2 Qd2 38.Rcc4 Nc5 39.Rb5 Nd3 40.a6 Nc1+ 41.Rxc1 Qxc1 42.Ra5 Qc4+
43.Ka3 Qxe4 44.a7 Qa8 45.Kb4 h4 46.Ra3 Kg8  0-1

[Event "Extraliga CZE 2004-5"]
[Site "Czech Rep CZE"]
[Date "2004.11.07"]
[Round "2"]
[White "Petrik,T"]
[Black "Laznicka,V"]
[Result "0-1"]
[WhiteElo "2450"]
[BlackElo "2478"]

1.e4 c5 2.Nf3 Nc6 3.d4 cxd4 4.Nxd4 e6 5.Nc3 a6 6.Be2 d6 7.O-O Nf6 8.Be3 Be7
9.f4 O-O 10.a4 Bd7 11.Nb3 b6 12.Bf3 Qc7 13.Kh1 Rab8 14.Qe2 Bc8 15.g4 Nd7
16.g5 Re8 17.Bg2 Bf8 18.Rf2 Bb7 19.Raf1 Rbc8 20.Qg4 Na5 21.Nxa5 bxa5 22.Qh3 Qc4
23.f5 exf5 24.exf5 Bxg2+ 25.Kxg2 Rb8 26.Bc1 Ne5 27.Rf4 Qc6+ 28.Kg3 d5 29.Rh4 Rb4
30.Qg2 Rxh4 31.Kxh4 d4 32.Qxc6 Nxc6 33.Nd5 Re2 34.Bf4 Rxc2 35.Rc1 Rxc1 36.Bxc1 Nb4
37.Nf4 Bd6 38.b3 Bxf4 39.Bxf4 Nd3 40.Kg4 f6 41.gxf6 gxf6 42.Bc7 Nc5 43.Kf3 Kf7
44.Bb6 Nxb3 45.Ke4 Ke7 46.Bc7 Kd7 47.Bb6 Nd2+ 48.Kxd4 Nf3+ 49.Ke4 Nxh2 50.Kf4 h5
51.Bxa5 Ng4 52.Bc3 Kd6 53.Bb2 Kc5 54.Kg3 Kd5 55.Kf4 Kc4 56.Kg3 Kd3 57.Kf4 Ke2
58.Bxf6 Nxf6 59.Kg5 Nd7 60.Kxh5 Kd3 61.Kg6 Ke4 62.a5 Ke5 63.Kf7 Kxf5 64.Ke7 Nb8
65.Kd6 Ke4 66.Kc7 Kd5 67.Kxb8 Kc6 68.Ka7 Kb5  0-1

[Event "EuCh-Internet KO"]
[Site "playchess.com INT"]
[Date "2004.11.07"]
[Round "2.1"]
[White "Adams,Mi"]
[Black "Jakovenko,D"]
[Result "1-0"]
[WhiteElo "2740"]
[BlackElo "2596"]

1.e4 c5 2.Nf3 e6 3.d4 cxd4 4.Nxd4 Nc6 5.Nc3 Qc7 6.f4 a6 7.Nf3 d6 8.Bd3 Nf6
9.O-O Be7 10.Qe1 O-O 11.Kh1 b5 12.e5 Nd7 13.exd6 Qxd6 14.Ne4 Qc7 15.Bd2 Bb7
16.Neg5 Nf6 17.Ne5 h6 18.Ngf3 Rad8 19.Rd1 Rd5 20.h3 Rfd8 21.a3 Nxe5 22.Nxe5 Nd7
23.Ba5 Nb6 24.Qf2 Bc5 25.Qg3 Qe7 26.Rde1 Bd4 27.Ng4 Kh8 28.Ne3 Rh5 29.Nf5 Qc5
30.Nxd4 Rxd4 31.Bc3 Nd5 32.Bxd4 Qxd4 33.c3 Qf6 34.Be4 Rh4 35.f5 Rxe4 36.Rxe4 exf5
37.Qb8+  1-0

[Event "V Open"]
[Site "Sauzal ESP"]
[Date "2004.11.07"]
[Round "9"]
[White "Martin,Ju"]
[Black "Milov,L"]
[Result "0-1"]
[WhiteElo "2224"]
[BlackElo "2470"]

1.e4 c5 2.Nf3 e6 3.Nc3 Nc6 4.d4 cxd4 5.Nxd4 Qc7 6.g3 a6 7.Bg2 d6 8.O-O Bd7
9.Nde2 b5 10.a3 Nf6 11.h3 Rc8 12.b3 Be7 13.Bb2 Qb6 14.Qd2 h6 15.Kh1 O-O 16.Rad1 Rfd8
17.g4 Be8 18.Nf4 b4 19.Nce2  0-1

[Event "Open"]
[Site "Calcutta IND"]
[Date "2004.11.10"]
[Round "3"]
[White "Sharma,D"]
[Black "Kunte,A"]
[Result "0-1"]
[WhiteElo "2386"]
[BlackElo "2550"]

1.e4 c5 2.Nf3 e6 3.d4 cxd4 4.Nxd4 Nc6 5.Nc3 Qc7 6.Be3 a6 7.Qd2 Nf6 8.O-O-O Bb4
9.f3 Ne5 10.Nb3 b5 11.Qe1 Be7 12.Qg3 d6 13.Qxg7 Rg8 14.Qh6 b4 15.Nb1 Bd7
16.Nd4 Qa5 17.g4 Rg6 18.Qh3 h6 19.Qg3 Qxa2 20.h3 Rc8 21.f4 Nxe4 22.Qg2 Nc5
23.fxe5 dxe5 24.Bc4 Qxc4 25.b3 Qd5 26.Qxd5 exd5  0-1

[Event "FSGM November"]
[Site "Budapest HUN"]
[Date "2004.11.11"]
[Round "6"]
[White "Boros,De"]
[Black "Fogarasi,T"]
[Result "1/2-1/2"]
[WhiteElo "2414"]
[BlackElo "2425"]

1.e4 c5 2.Nf3 e6 3.d4 cxd4 4.Nxd4 Nc6 5.Nc3 a6 6.Be3 Nf6 7.Qd2 Bb4 8.f3 d5
9.a3 Qa5 10.exd5 Nxd5 11.Nxc6 bxc6 12.Bd4 f6 13.O-O-O Nxc3 14.Bxc3 Bxc3 15.Qxc3 Qxc3
16.bxc3 Ke7 17.f4 a5 18.Bc4 Ba6 19.Ba2 c5 20.Rhe1 c4 21.Rd5 Rhc8 22.Rxa5 Bb7
23.Rb5  1/2-1/2

[Event "Open"]
[Site "Calcutta IND"]
[Date "2004.11.11"]
[Round "5"]
[White "Hossain,Enam"]
[Black "Kunte,A"]
[Result "0-1"]
[WhiteElo "2413"]
[BlackElo "2550"]

1.e4 c5 2.Nf3 e6 3.d4 cxd4 4.Nxd4 Nc6 5.Nc3 Qc7 6.g3 a6 7.Bg2 Nf6 8.O-O d6
9.Re1 Nd7 10.Nxc6 bxc6 11.Na4 Rb8 12.c4 c5 13.Bf4 Be7 14.Qd3 O-O 15.Rad1 Ne5
16.Bxe5 dxe5 17.Qc2 Bb7 18.Nc3 Bc6 19.Rd3 Qb7 20.Rb1 Rfd8 21.Rxd8+ Rxd8 22.b3 Qb4
23.Kf1 Rd4 24.Rd1 Qb7 25.Rxd4 exd4 26.Nb1 f5 27.Nd2 Bg5 28.f3 Bxd2 29.Qxd2 fxe4
30.Qg5 exf3 31.Bh3 Bd7 32.Bg4 h5 33.Qxh5 Qe4 34.Bxf3 g6 35.Bxe4 gxh5 36.Ke2 e5
37.b4 cxb4 38.c5 Kf7 39.c6 Bg4+ 40.Kd3 Ke7 41.Kc4 Kd6 42.Kxb4 Be2 43.h3 Bb5
44.g4 hxg4 45.hxg4 Bxc6 46.Bd3 Bb5 47.Be4 Be2 48.g5 Ke6 49.Kb3 a5 50.Kc2 Bc4
51.Bh7 Be2 52.a3 Kf7 53.Kd2 Bh5 54.Be4 Bg6 55.Bd5+ Ke7 56.Ke2 Kd6 57.Bb7 e4
58.Kf2 Ke5 59.Kg3 d3 60.Bc8 Kd4 61.Bg4 e3 62.Kf4 e2  0-1

[Event "WYb16"]
[Site "Heraklio GRE"]
[Date "2004.11.11"]
[Round "9"]
[White "Mamedov,Rau"]
[Black "Iotov,V"]
[Result "1/2-1/2"]
[WhiteElo "2517"]
[BlackElo "2414"]

1.e4 c5 2.Nf3 e6 3.d4 cxd4 4.Nxd4 Nc6 5.Nc3 Qc7 6.Be2 a6 7.O-O Nf6 8.Be3 Be7
9.f4 d6 10.Qe1 Nxd4 11.Bxd4 b5 12.a3 O-O 13.Qg3 Bb7 14.Kh1 Rad8 15.Rae1 Rd7
16.Bd3 Re8 17.Qh3 e5 18.Be3 Bd8 19.fxe5 dxe5 20.Qf3 Qd6 21.Ne2 Qe6 22.h3 g6
23.Ng3 Kg7 24.Bd2 h5 25.Qe3  1/2-1/2

[Event "WYb12"]
[Site "Heraklio GRE"]
[Date "2004.11.11"]
[Round "9"]
[White "Ter Sahakyan,S"]
[Black "Mihok,O"]
[Result "1-0"]
[WhiteElo "2125"]
[BlackElo "2086"]

1.e4 c5 2.Nf3 e6 3.d4 cxd4 4.Nxd4 Nc6 5.Nc3 Qc7 6.Be3 a6 7.Be2 Nf6 8.O-O Bb4
9.Na4 Be7 10.Nxc6 bxc6 11.Nb6 Rb8 12.Nxc8 Qxc8 13.Bd4 c5 14.Be5 Rb6 15.Qd3 d6
16.Bc3 O-O 17.b3 Qc6 18.Bf3 e5 19.Bd2 h6 20.c4 Nh7 21.Bg4 Ng5 22.Bxg5 Bxg5
23.g3 g6 24.h4 Bf6 25.h5 Re8 26.Kg2 Kg7 27.Rh1 Bg5 28.Bd1 Rb7 29.Qf3 Rbe7
30.Bc2 Rf8 31.Rad1 Re6 32.Rd5 a5 33.Rf1 Rf6 34.Qe2 Qc7 35.Rfd1 Re6 36.Qf3 Qe7
37.Rf1 Rf6 38.Qe2 Rd8 39.Qg4 Qe6 40.Qe2 Qe7 41.Bd1 Re6 42.Qd3 Rf6 43.Bg4 gxh5
44.Bxh5 Qc7 45.Qc3 Qe7 46.Qxa5 Rd7 47.Qc3 Ra7 48.Qc2 Qc7 49.Qb2 Qe7 50.Qe2 Kh7
51.Bg4 Kg8 52.Bf5 h5 53.Rh1 h4 54.Qg4 Rh6 55.gxh4 Rxa2 56.Qxg5+ Qxg5+ 57.hxg5 Rxh1
58.Kxh1 Rxf2 59.Rxd6  1-0

[Event "Bundesliga 2004-5"]
[Site "Baden Oos GER"]
[Date "2004.11.12"]
[Round "7"]
[White "Medvegy,Z"]
[Black "Movsesian,S"]
[Result "0-1"]
[WhiteElo "2467"]
[BlackElo "2629"]

1.e4 c5 2.Nf3 Nc6 3.Nc3 e6 4.d4 cxd4 5.Nxd4 Qc7 6.Be3 a6 7.Qd2 Nf6 8.O-O-O Bb4
9.f3 Ne5 10.Nb3 b5 11.Qe1 Nc4 12.Bd4 O-O 13.e5 Bxc3 14.Bxc3 Nd5 15.Bd4 a5
16.Nd2 a4 17.a3 Nxd2 18.Qxd2 Rb8 19.Kb1 d6 20.Qg5 f6 21.exf6 Nxf6 22.Bc3 Nd5
23.Rxd5 exd5 24.Qxd5+ Qf7 25.Qd4 Rb7 26.Bd3 Bf5 27.Rd1 Bxd3 28.Qxd3 Rd8 29.Ba5 Rdd7
30.Bb4 Qc4 31.Qxc4+ bxc4 32.Rd5 Kf7 33.b3 cxb3 34.cxb3 Ke6 35.Rd2 axb3 36.Kb2 d5
37.Kxb3 d4 38.a4 Kd5 39.a5 Rdc7 40.Ka4 Rc4 41.Rb2 Kc6 42.a6 Ra7 43.Ka5 d3  0-1

[Event "Bundesliga 2004-5"]
[Site "Baden Oos GER"]
[Date "2004.11.13"]
[Round "1"]
[White "Vallejo Pons,F"]
[Black "Handke,F"]
[Result "1-0"]
[WhiteElo "2678"]
[BlackElo "2467"]

1.e4 c5 2.Nf3 e6 3.d4 cxd4 4.Nxd4 Nc6 5.Nc3 Qc7 6.Be3 a6 7.Qd2 Nf6 8.O-O-O Bb4
9.f3 Ne5 10.Nb3 b5 11.Qe1 Be7 12.f4 Ng6 13.e5 Ng4 14.Bd2 h5 15.Bd3 Bb7 16.Ne4 Rc8
17.Kb1 Nh4 18.Rg1 Qb6 19.h3 f5 20.Nd6+ Bxd6 21.exd6 Nf2 22.Be3 Nxg2 23.Rxg2 Nxd3
24.Rxd3 Qc6 25.Rdd2  1-0

[Event "Open"]
[Site "Calcutta IND"]
[Date "2004.11.13"]
[Round "7"]
[White "Ganguly,S"]
[Black "Sharma,D"]
[Result "1-0"]
[WhiteElo "2559"]
[BlackElo "2386"]

1.e4 c5 2.Nf3 Nc6 3.d4 cxd4 4.Nxd4 e6 5.Nc3 Qc7 6.Be2 a6 7.O-O Nf6 8.Be3 Bb4
9.Na4 O-O 10.Nxc6 bxc6 11.Nb6 Rb8 12.Nxc8 Rfxc8 13.Bxa6 Rf8 14.Bd3 Bd6 15.g3 Be5
16.a4 Bxb2 17.Ra2 d5 18.Bc5 Rfe8 19.exd5 Nxd5 20.Qg4 f5 21.Qc4 Bc3 22.Ra3 Bb4
23.Rb3 Bxc5 24.Qxc5 Ra8 25.Re1 Ra5 26.Qd4 Re7 27.Reb1 Qa7 28.Rb8+ Kf7 29.Qh4 Nf6
30.R8b4 c5 31.Rc4 Rb7 32.Re1 Qb8 33.Rf1 Rba7 34.Rf4 Nd5 35.Rxf5+ exf5 36.Bc4 Qd6
37.Qxh7 Kf6 38.Rd1 Qe6 39.Bxd5 Qe2 40.Rb1 R5a6 41.Kg2 Rd6 42.Qh4+ Kg6 43.Bf3 Qe7
44.Qh5+ Kf6 45.Rb5 Rxa4 46.Rxc5 g6 47.Qh8+ Kf7 48.Rc7 Rd7 49.Bd5+  1-0

[Event "Tch-FIN 2004-5"]
[Site "Finland FIN"]
[Date "2004.11.13"]
[Round "4"]
[White "Saastamoinen,A"]
[Black "Nokso Koivisto,An"]
[Result "0-1"]
[WhiteElo "2162"]
[BlackElo "2219"]

1.e4 c5 2.Nf3 Nc6 3.d4 cxd4 4.Nxd4 e6 5.Nc3 Qc7 6.Be3 a6 7.Qd2 Nf6 8.f3 Bb4
9.a3 Be7 10.Nxc6 bxc6 11.Be2 O-O 12.f4 d5 13.e5 Nd7 14.O-O c5 15.Bf2 Bb7
16.Bf3 Rfd8 17.Kh1 Bc6 18.b3 g6 19.Qe1 Qb7 20.Bh4 Nb6 21.Rd1 Bxh4 22.Qxh4 Rd7
23.Qh6 Qb8 24.g4 Qf8 25.Qh4 Qe7 26.Qh6 Qf8 27.Qh4 Qe7 28.Qh6 Qf8 29.Qxf8+ Rxf8
30.g5 Nc8 31.Ne2 Ne7 32.Ng3 a5 33.Rd2 Rb8 34.Rb1 Rdb7 35.a4 Rb4 36.Ne2 Rxa4
37.Rdd1 Rab4 38.Ra1 a4 39.bxa4 Bxa4 40.Rdc1 Bb5 41.Ra7 Nf5 42.Nc3 Rxf4  0-1

[Event "Bundesliga 2004-5"]
[Site "Koelln GER"]
[Date "2004.11.13"]
[Round "1"]
[White "Van den Doel,E"]
[Black "Heinatz,T"]
[Result "1-0"]
[WhiteElo "2560"]
[BlackElo "2281"]

1.e4 c5 2.Nf3 e6 3.d4 cxd4 4.Nxd4 Nc6 5.Nc3 a6 6.Be2 Qc7 7.O-O Nf6 8.Kh1 Nxd4
9.Qxd4 Bc5 10.Qd3 b5 11.f4 Bb7 12.Bf3 O-O 13.e5 Ne8 14.Bxb7 Qxb7 15.f5 f6
16.Bf4 Be7 17.Rad1 b4 18.Ne2 fxe5 19.Bxe5 Bf6 20.fxe6 dxe6 21.Qe3 Qb5 22.Bxf6 Nxf6
23.Nd4 Qh5 24.Qxe6+ Kh8 25.Qf5 Qxf5 26.Nxf5 Rac8 27.Rd2 Rc5 28.Nd6 Rb8 29.Rf5 Rc6
30.Kg1 h6 31.Rf4 Rc5 32.Nc4 Rbc8 33.b3 Nd5 34.Rf7 Nf6 35.Re7 R8c6 36.h3 a5
37.Rd8+ Kh7 38.Ra8 Nd5 39.Re5 Nc3 40.Nxa5 Rxe5 41.Nxc6 Re4 42.Kf2 h5 43.Ra5 Kh6
44.Kf3 g5 45.Ne5 Kg7 46.Nd3 g4+ 47.hxg4 hxg4+ 48.Kg3 Ne2+ 49.Kh4 Kf6 50.Nf2  1-0

[Event "Bundesliga 2004-5"]
[Site "Kreuzberg GER"]
[Date "2004.11.14"]
[Round "2"]
[White "Enders,P"]
[Black "Rudolf,Hen"]
[Result "1/2-1/2"]
[WhiteElo "2456"]
[BlackElo "2322"]

1.e4 c5 2.Nf3 e6 3.d4 cxd4 4.Nxd4 Nc6 5.Nc3 Qc7 6.Be3 a6 7.Bd3 Nf6 8.O-O b5
9.Nxc6 Qxc6 10.Bd4 Bb7 11.Bxf6 gxf6 12.Qd2 Be7 13.Kh1 f5 14.f3 fxe4 15.Nxe4 f5
16.Ng3 O-O 17.c3 Rf6 18.a4 Qd6 19.axb5 axb5 20.Rxa8+ Bxa8 21.Rd1 Bc6 22.Qe2 Rh6
23.Nf1 Qf4 24.Bxb5 Bd6 25.Bxc6 Rxh2+ 26.Kg1 Bc5+ 27.Rd4 Rh6 28.Bxd7 Qd6 29.Qe3 f4
30.Rxd6 fxe3 31.Nxe3 Bxd6 32.Ng4 Rg6 33.Kf1 Kf7 34.Nf2 Ke7 35.Bb5 Rg5 36.Bd3 h5
37.Ne4 Rd5 38.Ke2 Be5 39.b4 Rd8 40.c4 Rg8 41.Kf1 h4 42.c5 Ra8 43.b5 Ra1+
44.Ke2 Ra2+ 45.Kf1 Ra1+ 46.Ke2 Ra2+  1/2-1/2

[Event "Open"]
[Site "Calcutta IND"]
[Date "2004.11.16"]
[Round "10"]
[White "Ganguly,S"]
[Black "Kunte,A"]
[Result "1-0"]
[WhiteElo "2559"]
[BlackElo "2550"]

1.e4 c5 2.Nf3 e6 3.d4 cxd4 4.Nxd4 Nc6 5.Nc3 d6 6.Be3 Nf6 7.f3 Be7 8.Qd2 O-O
9.g4 a6 10.O-O-O Nxd4 11.Bxd4 b5 12.Kb1 Bb7 13.g5 Nd7 14.h4 Rc8 15.Rg1 b4
16.Ne2 Ne5 17.Rg3 Nc4 18.Qxb4 Qc7 19.Qe1 d5 20.exd5 Nxb2 21.Kxb2 Qxc2+ 22.Ka1 e5
23.Rd2 Bb4 24.Rxc2 Bxe1 25.Rxc8 Rxc8 26.Bxe5 Bxg3 27.Nxg3 Bxd5 28.Bd3 Bxf3
29.Nf5 Rc5 30.Bb2 Bg4 31.Nxg7 Rd5 32.Bc2 Rd2 33.Kb1 Re2 34.Bc3 Rh2 35.Ne8 Rxh4
36.Nf6+ Kf8 37.Nxh7+ Ke7 38.Nf6 Be6 39.Ne4 Rh2 40.Bf6+ Kf8 41.Nc3 Bc4 42.Bb3 Bd3+
43.Kc1 Rf2 44.Na4 Bb5 45.Nc5 Rf5 46.Ne4 Bd3 47.Nd6 Rc5+ 48.Kb2 Bg6 49.Nc4 Bh5
50.Kc3 Rb5 51.Ne5 Rc5+ 52.Bc4 Rc7 53.Kb4 Bd1 54.Bxa6 Ra7 55.Bc4 Ra4+ 56.Kb5 Ra7
57.Kb6 Ra3 58.Bxf7 Be2 59.Bb3 Ra8 60.Kb7 Ra6 61.Nc6 Bb5 62.g6  1-0

[Event "Open"]
[Site "Calcutta IND"]
[Date "2004.11.16"]
[Round "10"]
[White "Visweswaran,K"]
[Black "Fominyh,A"]
[Result "0-1"]
[WhiteElo "2297"]
[BlackElo "2533"]

1.e4 c5 2.Nc3 e6 3.Nf3 Nc6 4.d4 cxd4 5.Nxd4 a6 6.Be2 Qc7 7.O-O Nf6 8.Be3 Bb4
9.Na4 O-O 10.c4 Nxe4 11.c5 d5 12.a3 Bd2 13.Nxe6 Bxe6 14.Bxd2 Rad8 15.Be1 Qe7
16.Rc1 d4 17.Bd3 Nf6 18.Bd2 Ng4 19.Bf4 Nge5 20.Nb6 Qf6 21.Bg3 h5 22.h4 Bf5
23.Bxf5 Qxf5 24.Qd2 Rfe8 25.b4 d3 26.Rcd1 Nd4 27.Kh1 Ne2 28.Qg5 Qxg5 29.hxg5 d2
30.Bxe5 Rxe5 31.f4 Re4 32.Rf2 h4 33.Kh2 Rd3 34.Nc4 Ng3 35.Rfxd2 Rxd2 36.Nxd2 Rd4
37.Re1 Rxd2 38.Re7 Nh5 39.Kh3 Nxf4+ 40.Kg4 Ng6 41.Rxb7 Rxg2+ 42.Kf3 h3  0-1

[Event "Open"]
[Site "Calcutta IND"]
[Date "2004.11.17"]
[Round "11"]
[White "Neelotpal,D"]
[Black "Sharma,D"]
[Result "1/2-1/2"]
[WhiteElo "2458"]
[BlackElo "2386"]

1.e4 c5 2.Nf3 Nc6 3.Nc3 e6 4.d4 cxd4 5.Nxd4 a6 6.Be3 Nf6 7.Nxc6 bxc6 8.e5 Nd5
9.Nxd5 cxd5 10.Bd3 d6 11.Bd4 Qg5 12.Qe2 dxe5 13.Bxe5 Bc5 14.O-O O-O 15.Kh1 g6
16.f4 Qe7 17.c3 Bb7 18.Rae1 Rfe8 19.Rf3 Bd6 20.Rh3 Bxe5 21.fxe5 f5 22.exf6 Qxf6
23.Re3 Bc8 24.Re5 Rf8 25.c4 Qf2 26.Qxf2 Rxf2 27.cxd5 exd5 28.Re8+ Rf8 29.Kg1 Bd7
30.Rxa8 Rxa8 31.Re5 Bc6 32.Kf2 Kf7 33.Re2 Bb5 34.Ke3 Ke6 35.Kd4+ Kd6 36.Re3 Rb8
37.b3  1/2-1/2

[Event "Open"]
[Site "Calcutta IND"]
[Date "2004.11.17"]
[Round "11"]
[White "Satyajit,K"]
[Black "Mishra,N"]
[Result "0-1"]
[WhiteElo "1909"]
[BlackElo "2354"]

1.e4 c5 2.Nf3 e6 3.d4 cxd4 4.Nxd4 Nc6 5.Nc3 a6 6.Be2 Nge7 7.Be3 Nxd4 8.Bxd4 Nc6
9.Be3 b5 10.O-O Bb7 11.Bd3 Qc7 12.Ne2 Ne5 13.a4 b4 14.b3 Bc5 15.Bxc5 Qxc5
16.Ng3 Rc8 17.Kh1 h5 18.h3 h4 19.Ne2 d5 20.exd5 Nxd3 21.Qxd3 Qxd5 22.Qxd5 Bxd5
23.Rac1 Ke7 24.Rfd1 a5 25.f3 Rc5 26.Nd4 Rhc8 27.Re1 g5 28.Re2 Kf6 29.Rd1 Bb7
30.Red2 Ba6 31.Rc1 Rd5 32.Rcd1 Rcd8 33.f4 gxf4 34.Nf3 Rxd2 35.Rxd2 Rxd2 36.Nxd2 Ke5
37.Nf3+ Ke4 38.Nxh4 Be2 39.Kg1 Ke3 40.Kh2 Kf2 41.Kh1 Kg3 42.Nf3 Bxf3 43.gxf3 Kxh3  0-1

[Event "TCh-AUT"]
[Site "Graz AUT"]
[Date "2004.11.19"]
[Round "1"]
[White "Balinov,I"]
[Black "Sakelsek,T"]
[Result "1/2-1/2"]
[WhiteElo "2372"]
[BlackElo "2425"]

1.e4 c5 2.Nf3 Nc6 3.Nc3 e6 4.d4 cxd4 5.Nxd4 Qc7 6.Be2 a6 7.O-O Nf6 8.Be3 Bb4
9.Na4 O-O 10.c4 Be7 11.Nxc6 bxc6 12.Nc3 c5 13.f4 Bb7 14.Bf3 d6 15.Qc2 Nd7
16.Qf2 Rad8  1/2-1/2

[Event "TCh-ISL 2004-5"]
[Site "Reykjavik ISL"]
[Date "2004.11.19"]
[Round "1"]
[White "Nataf,IA"]
[Black "Wallace,JP"]
[Result "1-0"]
[WhiteElo "2565"]
[BlackElo "2410"]

1.e4 c5 2.Nf3 e6 3.d4 cxd4 4.Nxd4 Nc6 5.Nc3 a6 6.Be2 Qc7 7.O-O Nf6 8.Kh1 Nxd4
9.Qxd4 Bc5 10.Qd3 b5 11.f4 Bb7 12.Bf3 h5 13.e5 Ng4 14.Bxb7 Qxb7 15.Ne4 Rc8
16.Bd2 Be7 17.Rae1 Nh6 18.Qf3 Kf8 19.Qxh5 Rxc2 20.f5 exf5 21.Rxf5 Rxd2 22.Nxd2 g6
23.Qxg6 Qd5 24.Nf3 Nxf5 25.Qxf5 Rh6 26.a3 Rc6 27.h3 a5 28.Qb1 Rc4 29.Rd1 Qe4
30.Qxe4 Rxe4 31.Rd5 b4 32.Rxa5 Re2 33.Ra8+ Kg7 34.axb4 Bxb4 35.Ra7 d6 36.Rb7 Rxb2
37.e6 d5 38.e7 Rb1+ 39.Ng1  1-0

[Event "Petrosian Mem Open"]
[Site "Yerevan ARM"]
[Date "2004.11.19"]
[Round "1"]
[White "Frolyanov,D"]
[Black "Apresyan,L"]
[Result "1-0"]
[WhiteElo "2486"]
[BlackElo "2150"]

1.e4 c5 2.Nf3 e6 3.d4 cxd4 4.Nxd4 Nc6 5.Nc3 Qc7 6.g3 a6 7.Bg2 Nf6 8.O-O Be7
9.Nb3 O-O 10.a4 Na5 11.Bf4 d6 12.Nxa5 Qxa5 13.Qd2 Qc7 14.Rfd1 Rd8 15.a5 Rb8
16.e5 Ne8 17.exd6 Bxd6 18.Ne4 e5 19.Bxe5 Bg4 20.Nxd6 Bxd1 21.Rxd1 Qc5 22.Qd5 Qxd5
23.Rxd5 f6 24.Nxe8 fxe5 25.Nc7  1-0

[Event "Acropolis IM Open"]
[Site "Athens GRE"]
[Date "2004.11.20"]
[Round "5"]
[White "Angelopoulos,G"]
[Black "Tassopoulos,M"]
[Result "1/2-1/2"]
[WhiteElo "2104"]
[BlackElo "2215"]

1.e4 c5 2.Nf3 e6 3.d4 cxd4 4.Nxd4 Nc6 5.Nc3 Qc7 6.Be2 a6 7.O-O Nf6 8.Be3 Bb4
9.Na4 Be7 10.Nxc6 bxc6 11.Nb6 Rb8 12.Nxc8 Qxc8 13.Bd4 c5 14.Be5 Rb6 15.Qd3 O-O
16.c4 d6 17.Bc3 Nd7 18.f4 Bf6 19.e5 dxe5 20.Rad1 Rb7 21.Bf3 Ra7 22.Be4 g6
23.Qh3 Bg7 24.Rd6 exf4 25.Bxg7 Kxg7 26.Qc3+ Kg8 27.Bc6 Nb8 28.Ba4 Rd8 29.Rfd1 Rxd6
30.Rxd6 Nd7 31.Qd2 Nf8 32.Qxf4 Re7 33.Qf6 Ra7  1/2-1/2